Η κυρά των αμπελιών

Αποθηκεύτηκε σε:
Λεπτομέρειες βιβλιογραφικής εγγραφής
Κύριος συγγραφέας: Ρίτσος, Γιάννης, 1909-1990
Μορφή: Βιβλίο
Γλώσσα:Greek
Δημοσίευση: Αθήνα : Κέδρος, 1979.
Έκδοση:16η έκδ.
Θέματα:
Ετικέτες: Προσθήκη ετικέτας
Δεν υπάρχουν, Καταχωρήστε ετικέτα πρώτοι!

MARC

LEADER 00000cam a2200000 a 4500
001 1/117849
008 190118s1979####gr | ||| |||| ||gre||
040 |a GR-MyUa  |b gre  |c GR-MyUa  |e AACR2 
041 0 |a gre 
082 7 |a 889.1   |2 (23) 
100 1 |a Ρίτσος, Γιάννης,   |d 1909-1990. 
245 1 2 |a Η κυρά των αμπελιών /   |c Γιάννης Ρίτσος.  
250 |a 16η έκδ.  
260 |a Αθήνα :   |b Κέδρος,   |c 1979.  
300 |a 41 σ. ;   |c 24 εκ.  
650 0 |a Greek poetry, Modern  |y 20th century. 
852 |a INST  |b SAMOS  |e 20190118  |h 889.1 ΡΙΤ  |p 005300045758  |q 005300045758  |t BK  |y 0 
970 |a Γουβάλα  |b Βάσω  |z 18-01-2019